000 00818nam a2200241Ia 4500
003 OSt
005 20221002044201.0
006 a|||||r|||| 00| 0
007 ta
008 220930b |||||||| |||| 00| 0 eng d
020 _a8177020986
_c1000
024 _a82880
037 _b583/I, 30/03/2005, Eastern Book Linkers
_cReference Collections
040 _aCRL
_cCRL
_beng
041 _2eng
_aeng
082 _az2jM90, P5(RR)
245 0 _aFacets of Indology
_b Mahamahopadhyaya Pandit Damodhar Mahapatra Shastri Commemoration volume edited by Subash Chandra Dash
260 _aDelhi
_bPratibha Prakashan India
_c2005
300 _a502p.
_ccm.
650 _aGENERALIA
942 _hz2jM90, P5(RR)
_cref
_2CC
999 _c909792
_d909792